000
00330nam a2200133Ia 4500
008
240624s9999 xx 000 0 und d
041
_a
eng
082
_a
658.812 BAR
100
_a
BARLOW JANELLE
245
_a
COMPLAINT IS A GIFT
260
_c
2003
_a
New Delhi
_b
Tata McGrawhill
300
_a
x, : 222 : p. : cm. ; 23
365
_c
RS
999
_c
2293
_d
2293